000 00681cam a2200241 a 4500
001 247
003 BR-CuiBMT
005 20231028201444.0
008 230913s2016 mgba 000 0 por d
020 _a9788545001379
040 _aBR-CuiBMT
_cBR-CuiBMT
080 _22007
_a347.965
090 _a347.965
_bA244
245 0 0 _aAdvocacia pública estadual /
_cFernanda Marinela, coordenadora.
260 _aBelo Horizonte :
_bFórum,
_c2016.
300 _a440 p. :
_bil. ;
_c22 cm
504 _aInclui bibliografia.
650 _aDireito administrativo
650 _aDireito constitucional
650 _aDireito público
700 1 _aMarinela, Fernanda
_4coord.
942 _2udc
_cLV
999 _c247
_d247